| 000 | 00661nam a2200229Ia 4500 | ||
|---|---|---|---|
| 003 | GCL | ||
| 008 | 140319s9999 xx 000 0 ara d | ||
| 040 |
_aGCL / _cGCL |
||
| 082 | 0 | 4 |
_a34.03 _bع ج |
| 100 | 1 | _aعدلى خليل | |
| 245 | 1 | 0 |
_aجرائم القتل العمد علما وعملا / _cعدلى خليل |
| 260 |
_a[S.N] : _bالمكتبة القانونية |
||
| 300 | _a480 ص | ||
| 490 | _a | ||
| 650 | 0 | 4 | _aالقانون الجنائى |
| 650 | 0 | 4 | _aالقانون |
| 650 | 0 | 4 | _aالجريمة والمجرمون |
| 650 | 0 | 4 | _aقانون العقوبات |
| 650 | 0 | 4 | _aالقتل |
| 650 | 0 | 4 | _aالجنايات |
| 942 |
_2ddc _cBK |
||
| 999 |
_c56223 _d56223 |
||